Quizzes
Events
Quiz Creation
Community
Videos
Private Events
Remove Ads
Sign In
Join for FREE
Feedback
Dark Mode
Quiz Categories
Sports
Geography
Music
Movies
Television
Just For Fun
Miscellaneous
History
Literature
Language
Science
Gaming
Entertainment
Religion
Holiday
For Kids
Quiz Lab
Recent
Popular Today
Quiz Kudos Today
Editor Picks
Curator Picks
Quizzes by...
Day
Popularity
Type
Ratings
Length
Year
Community
Subscriptions
Recent Discussions
Orange Saloon
Badges
Playlists
Quests
Create
Leaderboards
Showdown
Live 5
Trivia Bingo
Activity
Puzzle Library
Sporcle Events
Private Events
Virtual Trivia
Globe League
Become a Host
Pub Owners
SporcleCon
Opinionation
Our Games
Videos
Blog
Mobile Apps
Partnerships
Remove Ads and Go Orange
Feedback
Science
Computer
Plants
Astronomy
Chemistry
Elements
Math
Animal
Physics
Anatomy
Biology
Geology
General Science
Science
Computer
Plants
Astronomy
Chemistry
Elements
Math
Animal
Physics
Anatomy
Biology
Geology
General Science
Random Quiz
Search Sporcle
×
Quiz Lab
Quiz Lab
Science
Physics
Type in answers that appear in a list
Type in answers that appear in a list
Classic
Best Score? Go Orange.
The Newtonian World Stats
Can you name the definitions in G484?
By
idiosyncrasy
10m
29 Questions
6 Plays
6 Plays
6 Plays
Comments
Comments
Give Quiz Kudos
Give Quiz Kudos
-
- Ratings
hide this ad
Random Order
Randomize order of answers
Randomize order of answers
Replay
Link that replays current quiz
Next Quiz
Link to next quiz in quiz playlist
You Got
0%
They Got
Avg Score
5%
Avg Friend Score
Upgrade to see
Score Distribution
Jump to the score distribution portion of the page
Score
0/29
Timer
10:00
0
Plays Today
State
Definition/Principle
% Correct
frequency
number of oscillations per unit t
50%
angular frequency
rate of change of angle
50%
gravitational field strength
F per unit m
33.3%
Newton's 1st Law
an object will remain at rest or keep travelling at a constant v unless acted on by an external F
16.7%
net force on a body
equal to delta p
16.7%
Newton's 2nd Law
net F acting on an object is equal to delta p
0%
Newton's 3rd Law
when two bodies interact the Fs they exert on each other are equal and opposite
0%
linear momentum
product of an objects m and its v
0%
impulse of a force
product of an objects m and its v
0%
principle of conservation of momentum
in a closed system when bodies interact the total p in any specified direction remains constant
0%
perfectly elastic collision
collision in which p total E and KE are conserved
0%
inelastic collision
collision in which p and total E is conserved but KE is not it is transferred to other forms of E
0%
radian
angle subtended at the centre of a circle by an arc of length equal to the r of the circle
0%
Newton's Law of gravitation
any two point ms attract each other with a F which is directly proportional to the product of their ms and inversely proportional to the square of their separation
0%
period (of an object describing a circle)
t taken by an object to complete one orbit
0%
State
Definition/Principle
% Correct
geostationary orbit
orbit of an artificial satellite which has a T equal to one day so it remains above the same point on the earth's equator
0%
displacement
d from its equilibrium position
0%
amplitude
maximum d of a particle from its equilibrium position
0%
period
t taken for one complete oscillation
0%
phase difference
fraction of an oscillation between the vibrations of two oscillating particles
0%
simple harmonic motion
motion of an oscillator where the a is directly proportional to its d from its equilibrium position and is directed towards that position
0%
pressure
F exerted per unit A of the surface
0%
internal energy
sum of the random distribution of KEs and PEs associated with the molecules of a system
0%
absolute zero
temp at which a substance has minimum internal E
0%
specific heat capacity
E per unit m of a substance required to raise its temp by 1K
0%
latent heat of fusion
E absorbed by a substance to change state from solid to liquid without any change in temp
0%
latent heat of vaporisation
E absorbed by a substance to change state from liquid to gas without any change in temp
0%
Boyle's law
p exerted by a fixed m of gas is inversely proportional to its V provided the temp of the gas remains constant
0%
Avogadro constant
one mole of any substance contains 6.02*10^23 particles
0%
Quiz Playlist
Details
Report
Send in Message
Add To Playlist
Classic:
Type in answers that appear in a list
Random Order:
Randomize order of answers
Last Updated: Feb 16, 2017
Quiz Scoreboard
CHALLENGE
Sign Up to Join the Scoreboard
Show All
Scores
Hide
Comments
May contain spoilers
Recently Published
Presidents Visiting Landmarks
by Hejman
History
7m
An Introduction to Baseball
by treessimontrees
Sports
5m
Movies - When Are They Set?
by FPL_Elf
Movies
5m
More to Explore
Quiz From the Vault
Featured Blog Post
Where Did the Easter Bunny Come From?
hide this ad
You Might Also Like...
Tags
Physics Quiz
A-Level
Today's Top Quizzes in Science
Browse Science
hide this ad
Today's Top Quizzes in Physics
Browse Physics
Top Contributed Quizzes in Science
1
Quick Pick: Radians
2
Quick Pick: 'CI-CJ' Animals
3
Elements In Images
4
Name the Acid, Base or Salt
5
One Thing in Common: Science
6
One Thing in Common: Science III
7
One Thing in Common: Animals
8
Science Jokes
9
One Thing in Common: Science II
10
The First 100 Digits of Pi
Explore More
Trending Topics
Harry Potter
Marvel
Kpop
NBA
Crossword
Anime
Disney
Pokémon
Soccer
The Office
NFL
Puzzle
Song
Country
WWE
hide this ad
More By:
idiosyncrasy
Quiz
Plays
Rating
Category
Featured
Created
The Newtonian World
6
Science
Jan 19, 2011
Go to Creator's Profile
Score Distribution
Quiz Creator Spotlight
idiosyncrasy
Follow
Send a Message
Quizzes Created
-
Created Quiz Play Count
-
More By This Creator
Popular Quizzes Today
1
Find the US States - No Outlines Minefield
2
Find the Countries of Europe - No Outlines Minefield
3
The Countries of the World
4
Find the US States
5
Popular People in 1961
6
US States
7
Risky Map Clicking: Biggest States A-Z
8
Movies - When Are They Set?
More Science Quizzes
Crossword: Geology
Curator's Pick
Trending Quizzes
Risky Map Clicking: Least Populous States A-Z
1-10 Letter G Words
1-10 Letter F Words
Risky Map Clicking: Next State Alphabetically
Risky Map Clicking: Biggest States A-Z
Recently Updated
Leaping Animals
pecheneg
Reality TV Shows (A-Z)
bhenderson79
Rickey Henderson's Hall of Fame Teammates
pecheneg
Champions League XIs: Arsenal
pecheneg
Quick Pick: Celebrities in WWE's Hall of Fame
aduchscher
A-Z Keypad Blitz II
pecheneg
Multiple Oscar Actors
pecheneg
Mystery Phrase Blitz: Oscar 'Best Actors'
pecheneg
F. Scott Fitzgerald Novels
LTH
Pick 3 Villains
ddd62291
Trending Topics
Harry Potter
NBA
Disney
Marvel
Kpop
Crossword
Anime
Country
Pokémon
The Office
Song
Soccer
WWE
NFL
Puzzle
Your Account Isn't Verified!
In order to create a playlist on Sporcle, you need to verify the email address you used during registration. Go to your
Sporcle Settings
to finish the process.
Report this User
Report this user for behavior that violates our
Community Guidelines
.
Details:
Send Report
Go to the Sporcle.com Mobile Site →
Comments